| 000 | 00861nam a2200217 a 4500 | ||
|---|---|---|---|
| 001 | 42607 | ||
| 003 | BD-RjUL | ||
| 005 | 20211209053550.0 | ||
| 008 | 160614s1969 ii ||||| |||| 00| 0 eng d | ||
| 035 | _a(BD-RjUL)42725 | ||
| 040 |
_aBD-RjUL _bben _cBD-RjUL |
||
| 041 | _aben | ||
| 082 |
_223 _a891.4409 _bRAB 1969 |
||
| 100 |
_a রায়, রবীন্দ্রনাথ _9130989 |
||
| 245 | 1 | 0 |
_aবাংলা সাহিত্যে প্রমথ চৌধুরী / _cরবীন্দ্রনাথ রায় |
| 260 |
_aকলিকাতা : _bজিজ্ঞাসা, _c১৯৬৯ |
||
| 300 |
_a৩৩৫ পৃ. ; _c২১ সেমি. |
||
| 650 |
_aবাংলা সাহিত্য _vইতিহাস ও সমালোচনা _9117445 |
||
| 650 |
_aBengali literature _vHistory and criticism _9130990 |
||
| 942 |
_2ddc _cBK _03 |
||
| 999 |
_c42607 _d42607 |
||